Statystyki dla Piłkarz do kraju #4

Kliknij tutaj aby rozwiązać quiz!

Ogólne statystyki

  • Ten quiz został rozwiązany 881 razy
  • Średni wynik to 15 z 18

Statystyki odpowiedzi

PiłkarzKraj% Poprawnych
Marco ReusNiemcy
98%
Manuel NeuerNiemcy
97%
Maciej RybusPolska
97%
Rui PatricioPortugalia
97%
Mohamed SalahEgipt
96%
Christian EriksenDania
95%
Sadio ManeSenegal
95%
David SilvaHiszpania
92%
Alessandro Del PieroWlochy
92%
Lew JaszynRosja / Związek Socjalistycznych
Republik Radzieckich
90%
Jordan HendersonWielka Brytania
89%
Blaise MatuidiFrancja
88%
Radamel FalcaoKolumbia
86%
Dennis BergkampHolandia
84%
Guillermo OchoaMeksyk
76%
Adnan JanuzajBelgia
66%
Iván ZamoranoChile
22%
Tore André FloNorwegia
17%

Rozkład punktacji

Percentyl według liczby udzielonych odpowiedzi

Procent ludzi z każdym wynikiem

Twoja historia wyników

Nie rozwiązałeś tego quizu